000
00239 a2200097 4500
001
45604
100
_a
Mccullough C
245
_a
A creed for the third millennium
260
_a
London fn :22193
_b
a futurg book
_c
090
_c
28770
_d
28770
942
_a
NUST-CAE
_c
M
_c
20858
999
_c
280677
_d
280677